Kamasutram: text with jayamangala commentary. 2 Vols. (Record no. 1227027)

MARC details
000 -LEADER
fixed length control field 00741nam a2200229Ia 4500
005 - DATE AND TIME OF LATEST TRANSACTION
control field 20241129110024.0
008 - FIXED-LENGTH DATA ELEMENTS--GENERAL INFORMATION
fixed length control field 241129s9999||||xx |||||||||||||| ||und||
020 ## - INTERNATIONAL STANDARD BOOK NUMBER
International Standard Book Number 978-81-8315-301-0
037 ## - SOURCE OF ACQUISITION
Stock number REF
040 ## - CATALOGING SOURCE
Original cataloging agency ARTS
Language of cataloging eng
Transcribing agency ARTS
041 ## - LANGUAGE CODE
Language code of text/sound track or separate title eng
Source of code san
084 ## - COLON CLASSIFICATION NUMBER
Classification number S:55xD30,1 111Q9.1-.2(RR)
Assigning agency ARTS
100 ## - MAIN ENTRY--PERSONAL NAME
Personal name Vatsyayan Au.; Tripathi Radhavallabh Au.
9 (RLIN) 726916
245 #0 - TITLE STATEMENT
Title Kamasutram: text with jayamangala commentary. 2 Vols.
Statement of responsibility, etc. Vatsyayan Au.; Tripathi Radhavallabh Au.
260 ## - PUBLICATION, DISTRIBUTION, ETC.
Place of publication, distribution, etc. Delhi, India
Name of publisher, distributor, etc. New Bhartiya Book Co.
Date of publication, distribution, etc. 2022
300 ## - PHYSICAL DESCRIPTION
Extent 244p.
365 ## - TRADE PRICE
Price type code INR
Price amount 2000
490 ## - SERIES STATEMENT
Volume/sequential designation V2
650 ## - SUBJECT ADDED ENTRY--TOPICAL TERM
Topical term or geographic name entry element PsychologyLove
9 (RLIN) 726917
942 ## - ADDED ENTRY ELEMENTS (KOHA)
Koha item type Reference
Classification part S:55xD30,1 111Q9.1-.2(RR)
Holdings
Withdrawn status Lost status Damaged status Not for loan Home library Current library Date acquired Source of acquisition Cost, normal purchase price Inventory number Total Checkouts Full call number Barcode Date last seen Price effective from Koha item type
        Arts Library Arts Library 2024-11-29 Oriental Book Company 2000.00 15 & 13/12/2023   S:55xD30,1 111Q9.1-.2(RR) AL1803060 2024-11-29 2024-11-29 Reference
Copyright @ Delhi University Library System